000 00628nam a2200181Ia 4500
008 100917s9999 xx 000 0 und d
082 _b20470
100 _aकानेटकर , थत्ते , डोंगरे
245 _aविराट पर्व त्याची मराठी बखर
260 _b---
_c1784
300 _a256
365 _b0
520 _aपुराण
630 _aविराट पर्व त्याची मराठी बखर
650 _aपुराण
730 _aविराट पर्व त्याची मराठी बखर
942 _cBOOK
999 _c625864
_d625861